Evaluating British urban policy (Record no. 102048)
[ view plain ]
| 000 -LEADER | |
|---|---|
| fixed length control field | 01244cam a2200217 4500 |
| 001 - CONTROL NUMBER | |
| control field | L117691 |
| 008 - FIXED-LENGTH DATA ELEMENTS--GENERAL INFORMATION | |
| fixed length control field | 020426n2003 000 0 eng u |
| 020 ## - INTERNATIONAL STANDARD BOOK NUMBER | |
| International Standard Book Number | 075461851X |
| 035 ## - SYSTEM CONTROL NUMBER | |
| System control number | (Sirsi) u117691 |
| 041 ## - LANGUAGE CODE | |
| Language code of text/sound track or separate title | eng |
| 050 ## - LIBRARY OF CONGRESS CALL NUMBER | |
| Classification number | 307.1160941 |
| -- | 18 |
| 100 ## - MAIN ENTRY--PERSONAL NAME | |
| Personal name | Ho, Suet Ying |
| 245 ## - TITLE STATEMENT | |
| Title | Evaluating British urban policy |
| Remainder of title | ideology, conflict and compromise |
| 260 ## - PUBLICATION, DISTRIBUTION, ETC. | |
| Place of publication, distribution, etc. | Aldershot |
| Name of publisher, distributor, etc. | Ashgate Publishing Ltd. |
| Date of publication, distribution, etc. | 2003 |
| 300 ## - PHYSICAL DESCRIPTION | |
| Extent | x, 234p. |
| Dimensions | 23cm. |
| 350 ## - PRICE (NR) (BK AM CF MU VM SE) [OBSOLETE] | |
| Price | 39.95 |
| 490 ## - SERIES STATEMENT | |
| Series statement | Urban and Regional Planning and Development |
| 520 ## - SUMMARY, ETC. | |
| Summary, etc. | Examines the theoretical and practical issues in the monitoring and evaluation of British urban policy. investigates changing approaches, the interface between monitoring and evaluation and the use of monitoring information and evaluation studies. Reviews monitoring and evaluation over three decades (1968-97) and considers at length monitoring and evaluation in practice including the City Challenge initiative. Concludes that a long-term evaluation strategy is required in order to improve the utility value of evaluation studies vis-à-vis policy formulation at the national level and implementation at the local level. Bibliography. |
| 690 ## - LOCAL SUBJECT ADDED ENTRY--TOPICAL TERM (OCLC, RLIN) | |
| Topical term or geographic name as entry element | Planning and development |
| 9 (RLIN) | 6259 |
| 942 ## - ADDED ENTRY ELEMENTS (KOHA) | |
| Suppress in OPAC | 0 |
| Withdrawn status | Lost status | Source of classification or shelving scheme | Damaged status | Not for loan | Home library | Current library | Shelving location | Date acquired | Cost, normal purchase price | Total Checkouts | Full call number | Barcode | Date last seen | Date last checked out | Copy number | Cost, replacement price | Price effective from | Koha item type |
|---|---|---|---|---|---|---|---|---|---|---|---|---|---|---|---|---|---|---|
| Dewey Decimal Classification | London | London | Books | 04/05/2005 | 50.00 | 1 | 307.1130941 HO | 30069860 | 29/11/2023 | 17/02/2009 | 1 | 50.00 | 06/08/2019 | Book |